| 000 | 00350nam a22001217a 4500 | ||
|---|---|---|---|
| 020 | _aNA | ||
| 082 |
_222 _a621.381521 |
||
| 100 | _aNilson James H and Riedel susan A. | ||
| 245 | _aIntroductory Circuits for electrical and computer engineering / | ||
| 260 |
_aPrendice Hall, _bPredice Hall, _cc2002 |
||
| 300 |
_a555 p, ; _bNA _c24cm. |
||
| 942 |
_2ddc _cEE |
||
| 999 |
_c3214 _d3214 |
||